000 00270nam a2200109Ia 4500
005 20251222154333.0
008 251222s9999||||xx |||||||||||||| ||spa||
020 _a84-451-0596-5
082 _a371.208.5/C76/Ej.2
245 0 _aEl proyecto educativo de centro
942 _cLIB
999 _c34252
_d34252